Statistiques concernant Capitales des pays 197 à 205

Cliquez ici pour prendre le quiz!

Statistiques générales

  • Ce quiz a été pris 41 fois
  • Le résultat moyen est 4 sur 9

Statistiques - réponses

payscapitale% Correct
PalestineJ{érusalem}
ou R{amallah}
95%
GroenlandN{uuk}
84%
NiueA{lofi}
42%
ArubaO{ranjestad}
42%
Îles FéroéT{órshavn}
37%
CuraçaoW{illemstad}
34%
Îles CookA{varua}
29%
Sahara occidentalE{l-Aaiún} (L{aâyoune})
ou T{ifariti}
18%
Saint-MartinP{hilipsburg}
16%

Distribution des résultats

Percentile par nombre de réponses

% des personnes avec chaque résultat

Votre développement - résultats

Vous n’avez pas pris ce quiz